Most Guessed Two-Word Countries - Statistics

General Stats
  • This quiz has been taken 71 times
  • The average score is 8 of 10
Answer Stats
% Continent Answer % Correct
97 North America United States
97%
87 Africa South Africa
92%
83 Oceania New Zealand
89%
94 Europe United Kingdom
89%
85 Asia North Korea
88%
85 Asia South Korea
88%
50 North America Dominican Republic
80%
49 Africa South Sudan
73%
49 Europe Vatican City
71%
74 Asia Saudi Arabia
68%
No matching quizzes found
Score Distribution
Percent of People with Each Score
Percentile by Number Answered
Your Score History
You have not taken this quiz